What Have The Romans Ever Done For Us? - Statistics

General Stats
  • This quiz has been taken 16 times
  • The average score is 4 of 11
Answer Stats
The Romans gave us... % Correct
roads
88%
aqueduct
56%
peace
56%
wine
50%
education
38%
public order
38%
sanitation
38%
public baths
25%
irrigation
19%
medicine
19%
health
13%
No matching quizzes found
Score Distribution
Percent of People with Each Score
Percentile by Number Answered
Your Score History
You have not taken this quiz